[Event "CRO Cup"]
[Site "Mali Losinj"]
[Date "2016.05.04"]
[Round "1.122"]
[White "Fattorich, Igor"]
[Black "Sertic, Rudolf"]
[Result "0-1"]
[WhiteElo "1947"]
[BlackElo "2384"]
[PlyCount "116"]
[EventDate "2016.05.04"]
[EventType "team-swiss"]
[EventRounds "6"]
[EventCountry "CRO"]
[SourceTitle "CBM 172 Extra"]
[Source "ChessBase"]
[SourceDate "2016.06.21"]
[SourceVersion "1"]
[SourceVersionDate "2016.06.21"]
[SourceQuality "1"]
[WhiteTeam "Rovinj Batana"]
[BlackTeam "Djakovo Limmont"]
[WhiteTeamCountry "CRO"]
[BlackTeamCountry "CRO"]

1. d4 d5 2. Nf3 Nf6 3. Bf4 c5 4. e3 Nc6 5. c3 Qb6 6. Qc2 g6 7. Nbd2 Bf5 8. Qb3 c4 9. Qxb6 axb6 10. Ne5 b5 11. Nxc6 bxc6 12. Be5 Bg7 13. Be2 0-0 14. h3 Nd7 15. Bxg7 Kxg7 16. 0-0 Nb6 17. Rfc1 f6 18. f3 e5 19. Kf2 Ra7 20. e4 Be6 21. b3 Rfa8 22. bxc4 dxc4 23. dxe5 fxe5 24. Rc2 Na4 25. Rd1 Nc5 26. a3 Rxa3 27. Nb1 Ra1 28. Rcd2 R8a7 29. Rd6 Bd7 30. Ke3 Kf7 31. f4 exf4+ 32. Kd4 Nb3+ 33. Ke5 Be8 34. Kxf4 Re7 35. e5 g5+ 36. Kf5 Kg7 37. e6 Nc5 38. Ke5 h5 39. Rf1 Ra2 40. Bf3 Nd3+ 41. Kf5 Nf4 42. Nd2 Nxe6 43. Rxe6 Bd7 44. Ne4 Bxe6+ 45. Kxg5 Bd5 46. Ng3 Rf7 47. Nf5+ Kf8 48. Bxh5 Rxg2+ 49. Kf4 Rh7 50. Ng3 Ke7 51. Nf5+ Kd7 52. Bg4 Kc7 53. Ra1 Kb6 54. Nd6 Kc5 55. Nc8 Rc7 56. Ra8 Rf7+ 57. Ke5 Rg3 58. Ra3 Re3# 0-1

[Event "CRO-chT1B 24th"]
[Site "Bol"]
[Date "2015.10.11"]
[Round "9.54"]
[White "Sertic, Rudolf"]
[Black "Loncar, Robert"]
[Result "1/2-1/2"]
[WhiteElo "2378"]
[BlackElo "2354"]
[PlyCount "30"]
[EventDate "2015.10.03"]
[EventType "team-tourn"]
[EventRounds "9"]
[EventCountry "CRO"]
[SourceTitle "CBM 168 Extra"]
[Source "ChessBase"]
[SourceDate "2015.10.29"]
[SourceVersion "1"]
[SourceVersionDate "2015.10.29"]
[SourceQuality "1"]
[WhiteTeam "Djakovo Limmont"]
[BlackTeam "Kastel Stari Sedlar"]
[WhiteTeamCountry "CRO"]
[BlackTeamCountry "CRO"]

1. e4 c5 2. Nf3 e6 3. d4 cxd4 4. Nxd4 Nf6 5. Nc3 Nc6 6. Ndb5 d6 7. Bf4 e5 8. Bg5 a6 9. Na3 b5 10. Nd5 Qa5+ 11. Bd2 Qd8 12. Bg5 Qa5+ 13. Bd2 Qd8 14. Bg5 Qa5+ 15. Bd2 Qd8 1/2-1/2